| 000 | 00950nam a2200277Ia 4500 | ||
|---|---|---|---|
| 001 | Para_8587 | ||
| 003 | CHAP | ||
| 008 | 220125s9999 xx 000 0 und d | ||
| 010 | _a207398 | ||
| 040 | _cCHAP | ||
| 082 | _aPA-C 595.752 A6 | ||
| 100 |
_aSchlechtendal, D. Von _9173991 |
||
| 245 |
_aTrama troglodytes (Heyden) i. sen. Buckton (aphidae) / _c by D. Von Schlechtendal |
||
| 300 | _a11 p. | ||
| 440 |
_aAphidae; 23 _9173975 |
||
| 500 | _aSobretiro de: Allgemeinen Zeitschrift fur Entomologie, 6 (16 y 17): 245-255, 1901. Encuadernado con otros impresos similares | ||
| 650 |
_a _x Afididos _x Colecciones de escritos _x Afididos _x AnatomĂa y FisiologĂa _9172940 |
||
| 710 |
_aAllgemeinen Zeitxhrift fur Entomologie 6 (16 y 17) _9173992 |
||
| 901 | _aPA-C 595.752 A6 | ||
| 902 | _aA | ||
| 905 | _a000000 0000000000 00 | ||
| 910 | _a | ||
| 942 | _cPARA | ||
| 942 |
_cPARA _d1 |
||
| 999 |
_c207398 _d207398 |
||